000 00950nam a2200301 4500
003 EG-GICUC
005 20260412135234.0
008 260412s1864 fr ||||fr|||| 00| 0 fre d
040 _aEG-GiCUC
_bfre
_cEG-GiCUC
_dEG-GiCUC
_eRda
041 0 _afre
082 0 4 _221
_a341.33
_bOR . R
092 0 4 _221
099 _aLaw1 11 341.33 OR . R 1864
100 1 _aOrtolan, M. Théodore
_eAuteur
245 1 0 _aRègles internationales et diplomate de la mer.
_nTome Second /
_cM. Théodore Ortolan.
250 _aQuatrième Édition
264 1 _aParis :
_bHenri Plon,
_c1864.
300 _a580 page ;
_c 24 cm.
336 _2rda contenu
_a texte
337 _2rda medias
_aOrdinateur
338 _2 transporteur rda
_a Ressource en ligne
546 _aTexte en français
650 1 4 _aDiplomatie
650 1 4 _aDroit international public
856 4 0 _uhttps://fll.law.cu.edu.eg/fulltext/bks/B11-07155.pdf
905 _a30
942 _2ddc
_cBK
_e21
_n0
999 _c70216
_d70216